[Event "World Cup"]
[Site "Khanty-Mansiysk RUS"]
[Date "2007.11.27"]
[Round "2.1"]
[White "Macieja, B."]
[Black "Radjabov, T."]
[Result "1-0"]
[WhiteElo "2606"]
[BlackElo "2742"]
[PlyCount "93"]
[EventDate "2007.11.24"]
[Source "www.chesslib.no"]
[SourceDate "2004.05.04"]

1. e4 e5 2. Nf3 Nc6 3. Bb5 f5 4. d3 fxe4 5. dxe4 Nf6 6. O-O Bc5 7. Bxc6 bxc6 8. Nxe5 O-O 9. Bg5 Qe8 10. Bxf6 Rxf6 11. Nd3 Bd4 12. c3 Bb6 13. Nd2 d6 14. c4 Qg6 15. Kh1 Bg4 16. f3 Be6 17. f4 Bg4 18. Qe1 Re8 19. c5 Bxc5 20. Nxc5 dxc5 21. h3 Bc8 22. Qe3 Qh6 23. Rf3 Rd8 24. Nc4 Rd4 25. b3 Qh4 26. Raf1 Rf8 27. Ne5 Qf6 28. Rc1 Qd6 29. Nxc6 Rd1+ 30. Rxd1 Qxd1+ 31. Kh2 Qd6 32. Ne5 Bb7 33. Nd3 c4 34. bxc4 Re8 35. Ne5 c5 36. Rf2 Rd8 37. Rb2 Ba8 38. Nf3 Rf8 39. e5 Qe6 40. Qxc5 Qf5 41. Qe3 Be4 42. c5 Bd5 43. Rd2 Ba8 44. Nd4 Qxf4+ 45. Qxf4 Rxf4 46. Ne6 Rc4 47. Ng5 1-0

[Event "Cup Russia"]
[Site "Serpukhov RUS"]
[Date "2007.11.15"]
[Round "6.1"]
[White "Timofeev, Arty"]
[Black "Zvjaginsev, V."]
[Result "1-0"]
[WhiteElo "2637"]
[BlackElo "2674"]
[PlyCount "121"]
[EventDate "2007.11.05"]
[Source "www.chesslib.no"]
[SourceDate "2004.05.04"]

1. e4 e5 2. Nf3 Nc6 3. Bb5 f5 4. d4 Nxd4 5. Nxd4 exd4 6. O-O c6 7. Bc4 Nf6 8. e5 Ne4 9. f3 Nc5 10. Qxd4 b5 11. Bd3 d5 12. Qf2 Qb6 13. Re1 Nxd3 14. cxd3 Qxf2+ 15. Kxf2 Be6 16. d4 c5 17. Nc3 a6 18. b3 Rc8 19. Ne2 c4 20. Bd2 b4 21. a3 c3 22. Bc1 c2 23. axb4 Bxb4 24. Rxa6 Bxe1+ 25. Kxe1 Bd7 26. Nf4 O-O 27. Nxd5 Rb8 28. Rd6 Rfd8 29. Ne3 f4 30. Nc4 Bf5 31. Kd2 Rxd6 32. Nxd6 Be6 33. Kxc2 Rb4 34. Nc4 g5 35. Kc3 Rb8 36. g3 g4 37. fxg4 f3 38. Be3 Kf7 39. Nd2 Bd5 40. Kd3 Ke6 41. h3 Rf8 42. Bf2 Rb8 43. Be3 Rf8 44. Bf2 Rb8 45. g5 Kf5 46. Be3 Kg6 47. g4 Rf8 48. h4 Rb8 49. h5+ Kg7 50. Bf2 Kf7 51. Bh4 Ke6 52. Ke3 Kf7 53. Kf4 Kg7 54. Bf2 Ra8 55. Be3 Ra1 56. b4 Re1 57. b5 Rd1 58. Ne4 Rf1 59. b6 Ba8 60. e6 Rb1 61. Nf6 1-0

[Event "World Open"]
[Site "Philadelphia USA"]
[Date "2008.07.03"]
[Round "2"]
[White "Ganguly, S."]
[Black "Khachiyan, M."]
[Result "1-0"]
[WhiteElo "2631"]
[BlackElo "2504"]
[PlyCount "97"]
[EventDate "2008.07.02"]
[Source "www.chesslib.no"]
[SourceDate "2004.05.04"]

1. e4 e5 2. Nf3 Nc6 3. Bb5 f5 4. d3 fxe4 5. dxe4 Nf6 6. O-O Bc5 7. Qd3 d6 8. Qc4 Qe7 9. b4 Be6 10. Bxc6+ bxc6 11. Qa6 Bxb4 12. Qxc6+ Kf7 13. Ng5+ Kg6 14. Nxe6 Qxe6 15. Nd2 Bc5 16. Nb3 Qd7 17. Qa6 Nxe4 18. Qe2 d5 19. Nxc5 Nxc5 20. Qxe5 Rhe8 21. Qd4 Ne4 22. c4 Nf6 23. cxd5 Qxd5 24. Qc3 Re4 25. Qxc7 Rc4 26. Qg3+ Rg4 27. Qh3 Rb8 28. f3 Qc5+ 29. Kh1 Qb5 30. Bb2 Rb4 31. Bxf6 gxf6 32. Rac1 Qf5 33. g4 Qg5 34. Rc7 Qh6 35. Qxh6+ Kxh6 36. Kg2 Rb2+ 37. Kg3 R8b7 38. Rc6 R7b6 39. Rc7 Rb7 40. Rxb7 Rxb7 41. Rc1 Rb6 42. h4 Ra6 43. Kf4 Rxa2 44. Rc6 Kg7 45. Rc7+ Kg8 46. Kf5 Ra3 47. f4 Ra5+ 48. Kxf6 Ra6+ 49. Kg5 1-0

[Event "Camp. Commonwealth 2008"]
[Site "Nagpur IND"]
[Date "2008.10.04"]
[Round "9"]
[White "Hossain, Enam"]
[Black "Ganguly, S."]
[Result "1/2-1/2"]
[WhiteElo "2489"]
[BlackElo "2631"]
[PlyCount "40"]
[EventDate "2008.09.28"]
[Source "www.chesslib.no"]
[SourceDate "2004.05.04"]

1. e4 e5 2. Nf3 Nc6 3. Bb5 f5 4. d3 fxe4 5. dxe4 Nf6 6. O-O Bc5 7. Qd3 d6 8. Qc4 Qe7 9. Bxc6+ bxc6 10. b4 Be6 11. Qa6 Bb6 12. a4 O-O 13. a5 Bd4 14. c3 Ng4 15. cxd4 Rxf3 16. gxf3 Qh4 17. h3 Qxh3 18. fxg4 Qxg4+ 19. Kh2 Qh3+ 20. Kg1 Qg4+ 1/2-1/2

[Event "City st olm"]
[Site "Mexico City st olm"]
[Date "1980.??.??"]
[Round "?"]
[White "Romanishin, Oleg M"]
[Black "Lombardy, William J"]
[Result "1/2-1/2"]
[WhiteElo "2580"]
[BlackElo "2525"]
[PlyCount "25"]
[EventDate "1980.??.??"]
[Source "www.chesslib.no"]
[SourceDate "2004.05.04"]

1. e4 e5 2. Nf3 Nc6 3. Bb5 f5 4. d3 fxe4 5. dxe4 Nf6 6. O-O d6 7. Nc3 Be7 8. a4 O-O 9. Bc4+ Kh8 10. Ng5 Qe8 11. Be6 h6 12. Bxc8 Qxc8 13. Ra2 1/2-1/2

[Event "ESP-chA 68th"]
[Site "Burgos"]
[Date "2003.10.28"]
[Round "5"]
[White "Illescas Cordoba, Miguel"]
[Black "Comas Fabrego, Luis"]
[Result "1/2-1/2"]
[WhiteElo "2602"]
[BlackElo "2502"]
[PlyCount "102"]
[EventDate "2003.10.24"]
[Source "ChessBase"]
[SourceDate "2003.11.24"]

1. e4 e5 2. Nf3 Nc6 3. Bb5 f5 4. d3 fxe4 5. dxe4 Nf6 6. O-O Bc5 7. Nc3 d6 8. Na4 Bb6 9. Nxb6 axb6 10. Nd2 O-O 11. c3 Ne7 12. Re1 Kh8 13. Bf1 Be6 14. a3 Qe8 15. g3 Qd7 16. Bg2 Bh3 17. Bh1 Rf7 18. Nf1 Raf8 19. Qe2 h6 20. f3 g5 21. Be3 Ng6 22. Bg2 Kh7 23. Bxh3 Qxh3 24. Qg2 Qd7 25. Kh1 Nh5 26. Nd2 Rf6 27. a4 Ng7 28. a5 bxa5 29. Rxa5 R8f7 30. c4 b6 31. Ra7 Qe6 32. b3 g4 33. fxg4 Qxg4 34. Qe2 Qh3 35. Qg2 Qg4 36. Qe2 Qh3 37. Qg2 Qe6 38. Raa1 Nf8 39. Rf1 Rxf1+ 40. Rxf1 Rxf1+ 41. Qxf1 Nd7 42. Kg2 Qg6 43. Qf3 Nf6 44. h3 h5 45. Kf2 Kg8 46. Ke2 Kf7 47. b4 Ne6 48. b5 Ke7 49. Kf2 Kf7 50. Ke2 Ke7 51. Kf2 Kf7 1/2-1/2

[Event "Kavala International Open 2007"]
[Site "Kavala"]
[Date "2007.08.06"]
[Round "3.4"]
[White "Kozhuharov, S."]
[Black "Ivanisevic, I."]
[Result "1/2-1/2"]
[WhiteElo "2477"]
[BlackElo "2595"]
[PlyCount "46"]
[EventDate "2007.??.??"]
[Source "www.chesslib.no"]
[SourceDate "2004.05.04"]

1. e4 e5 2. Nf3 Nc6 3. Bb5 f5 4. Bxc6 dxc6 5. Nc3 Nf6 6. Qe2 Bc5 7. exf5 Qe7 8. d3 Bxf5 9. O-O O-O 10. Qxe5 Qxe5 11. Nxe5 Rae8 12. Nc4 Ng4 13. Ne3 Nxe3 14. Bxe3 Bxe3 15. fxe3 Rxe3 16. Rae1 Rxe1 17. Rxe1 Kf7 18. Kf2 Rd8 19. Re5 Kf6 20. Ra5 a6 21. Ke3 Re8+ 22. Ne4+ Bxe4 23. dxe4 Rd8 1/2-1/2

[Event "Open"]
[Site "?"]
[Date "2005.06.18"]
[Round "2"]
[White "Kovalev Andrei"]
[Black "Annageldyev Orazly"]
[Result "1/2-1/2"]
[WhiteElo "2567"]
[BlackElo "2483"]
[PlyCount "116"]
[EventDate "2005.??.??"]
[Source "www.chesslib.no"]
[SourceDate "2004.05.04"]

1. e4 e5 2. Nf3 Nc6 3. Bb5 f5 4. d3 fxe4 5. dxe4 Nf6 6. O-O d6 7. Qd3 Bg4 8. h3 Bxf3 9. Qxf3 Be7 10. Qe2 Qd7 11. c3 O-O 12. Nd2 Kh8 13. Nf3 a6 14. Ba4 b5 15. Bb3 Nd8 16. Rd1 Qc6 17. a4 Rb8 18. axb5 axb5 19. Ra7 Rb7 20. Bd5 Nxd5 21. exd5 Qd7 22. Rxb7 Nxb7 23. Be3 Ra8 24. Nd2 c5 25. b4 c4 26. Qg4 Qxg4 27. hxg4 h6 28. Ne4 Nd8 29. g3 Nf7 30. Kg2 Ra2 31. Rd2 Ra3 32. Re2 Kg8 33. f4 Kf8 34. Rf2 Kg8 35. Kf3 Ra1 36. Bd2 exf4 37. gxf4 g5 38. Be3 gxf4 39. Bxf4 Kg7 40. Ng3 Ra3 41. Nf5+ Kf8 42. Nxh6 Nxh6 43. Bxh6+ Kf7 44. Ke4+ Kg6 45. Bd2 Bg5 46. Bxg5 Kxg5 47. Rf5+ Kg6 48. Rf8 Rxc3 49. Rd8 Rg3 50. Rxd6+ Kf7 51. Rd7+ Ke8 52. Rb7 Rxg4+ 53. Kf5 Rh4 54. Rxb5 c3 55. Ke6 Re4+ 56. Kd6 Rc4 57. Ke6 Re4+ 58. Kd6 Rc4 1/2-1/2

[Event "It (Open) Sevilla ESP"]
[Site "?"]
[Date "2006.01.26"]
[Round "7"]
[White "Campora Daniel Hugo"]
[Black "Del Rio Angelis Salvador Gabr"]
[Result "1-0"]
[WhiteElo "2541"]
[BlackElo "2497"]
[PlyCount "101"]
[EventDate "2006.??.??"]
[Source "www.chesslib.no"]
[SourceDate "2004.05.04"]

1. e4 e5 2. Nf3 Nc6 3. Bb5 f5 4. d3 fxe4 5. dxe4 Nf6 6. O-O d6 7. Nc3 Be7 8. Qe2 Bd7 9. Be3 O-O 10. Ng5 Qe8 11. Bc4+ Kh8 12. Ne6 Bxe6 13. Bxe6 Bd8 14. Bc4 Ne7 15. Rad1 Ng6 16. f3 Qd7 17. Qd2 Ne8 18. a4 c6 19. Ne2 Bb6 20. Bxb6 axb6 21. b3 Rd8 22. Qb4 Qc7 23. Rd2 Nh4 24. Kh1 g5 25. Ng3 Ng7 26. Rfd1 Rf6 27. Qc3 Ng6 28. Nf1 b5 29. Bxb5 Ne6 30. Bd3 Ngf4 31. Ne3 Nd4 32. Bf1 h5 33. Qb2 g4 34. fxg4 hxg4 35. c3 Nde6 36. Nxg4 Rg6 37. h3 Rdg8 38. Rxd6 Rxg4 39. hxg4 Qh7+ 40. Kg1 Rxg4 41. Rd8+ Rg8 42. Rxg8+ Qxg8 43. c4 Qg5 44. Qc3 c5 45. Kf2 Qh4+ 46. g3 Qh2+ 47. Ke1 Ng6 48. Qf3 Kg7 49. Qg4 b6 50. Be2 Qg1+ 51. Kd2 1-0

[Event "Cappelle Open"]
[Site "Cappelle la Grande FRA"]
[Date "1994.??.??"]
[Round "9"]
[White "Frolov, Artur"]
[Black "Kuzmin, Gennadi P"]
[Result "0-1"]
[WhiteElo "2525"]
[BlackElo "2505"]
[PlyCount "144"]
[EventDate "1994.02.??"]
[Source "www.chesslib.no"]
[SourceDate "2004.05.04"]

1. e4 e5 2. Nf3 Nc6 3. Bb5 f5 4. d4 fxe4 5. Nxe5 Nxe5 6. dxe5 c6 7. Nc3 cxb5 8. Nxe4 d5 9. exd6 Nf6 10. O-O Nxe4 11. Qh5+ g6 12. Qe5+ Kf7 13. Qxh8 Nf6 14. Bg5 Bf5 15. Rad1 Bg7 16. Qxd8 Rxd8 17. Rd2 h6 18. Bxf6 Bxf6 19. c3 Ke6 20. Re1+ Kd7 21. f3 h5 22. Kf2 Rc8 23. g3 Rc6 24. Kg2 a6 25. h3 Be6 26. a3 Rc8 27. g4 Rf8 28. Re4 Bg5 29. Rdd4 Bd8 30. a4 bxa4 31. Rxa4 Bd5 32. Re3 Bb6 33. Rd3 Bc6 34. Ra1 Bb5 35. Rd5 Be2 36. Rg5 Bxf3+ 37. Kh2 Rf6 38. gxh5 Bxh5 39. c4 Rxd6 40. Rf1 Be3 41. Re5 Rd2+ 42. Kg3 Rd3 43. Rf7+ Kd6 44. Re8 Bg5+ 45. Kg2 Rb3 46. Rf2 Bh4 47. Rd2+ Kc7 48. Rf8 Kb6 49. Rc2 Kc5 50. Rf7 g5 51. Rf5+ Kb4 52. Rf6 Be8 53. Rb6+ Ka4 54. c5 Bc6+ 55. Kh2 Bg3+ 56. Kg1 Rxb6 57. cxb6 Kb5 58. Kf1 Kxb6 59. Ke2 Bf4 60. Rc3 Kb5 61. Kd3 a5 62. Kc2 Be4+ 63. Kb3 Bd5+ 64. Kc2 Kb4 65. Kb1 b5 66. Ka1 a4 67. Kb1 Bd2 68. Rg3 Kc5 69. Rg4 Be6 70. Rg3 Kd4 71. Kc2 Be3 72. Kd1 b4 0-1

[Event "IV Open"]
[Site "Calvia ESP"]
[Date "2007.10.20"]
[Round "6"]
[White "Strikovic, A."]
[Black "Marzolo, C."]
[Result "1/2-1/2"]
[WhiteElo "2551"]
[BlackElo "2478"]
[PlyCount "42"]
[EventDate "2007.10.15"]
[Source "www.chesslib.no"]
[SourceDate "2004.05.04"]

1. e4 e5 2. Nf3 Nc6 3. Bb5 f5 4. d3 fxe4 5. dxe4 Nf6 6. O-O Bc5 7. Nc3 d6 8. Bg5 a6 9. Bc4 Bg4 10. h3 Bxf3 11. Qxf3 Nd4 12. Qd1 b5 13. Bd3 c6 14. Ne2 Ne6 15. Bd2 Nh5 16. b4 Bb6 17. Ng3 Nhf4 18. Nf5 g6 19. Ne3 O-O 20. Kh2 a5 21. a4 Bd4 1/2-1/2

[Event "XXV Open del Liechtenstein"]
[Site "Triesen LIE"]
[Date "2007.05.15"]
[Round "5"]
[White "Kritz, L."]
[Black "Landenbergue, C."]
[Result "1/2-1/2"]
[WhiteElo "2593"]
[BlackElo "2435"]
[PlyCount "54"]
[EventDate "2007.05.11"]
[Source "www.chesslib.no"]
[SourceDate "2004.05.04"]

1. e4 e5 2. Nf3 Nc6 3. Bb5 f5 4. d3 fxe4 5. dxe4 Nf6 6. Qd3 Bc5 7. Nc3 d6 8. Bg5 Be6 9. Nd5 O-O 10. Bxc6 bxc6 11. Nxf6+ gxf6 12. Be3 Bb6 13. Nh4 Qd7 14. O-O-O f5 15. Nxf5 Bxf5 16. exf5 Qxf5 17. Qc4+ Qf7 18. Qa4 Bxe3+ 19. fxe3 c5 20. Qa6 Qg7 21. Qc6 Rab8 22. Rhf1 Rxf1 23. Rxf1 e4 24. Qxe4 Qxb2+ 25. Kd2 Qxa2 26. Qf5 Qa5+ 27. Ke2 Qa6+ 1/2-1/2

[Event "Kuopio Open"]
[Site "Kuopio"]
[Date "1992.??.??"]
[Round "7"]
[White "Maljutin, Evgeni"]
[Black "Kuzmin, Gennadi P"]
[Result "0-1"]
[WhiteElo "2480"]
[BlackElo "2535"]
[PlyCount "104"]
[EventDate "1992.07.??"]
[Source "www.chesslib.no"]
[SourceDate "2004.05.04"]

1. e4 e5 2. Nf3 Nc6 3. Bb5 f5 4. d3 fxe4 5. dxe4 Nf6 6. O-O Bc5 7. Qd3 d6 8. Nc3 O-O 9. Bxc6 bxc6 10. Qc4+ Kh8 11. Nxe5 Qe8 12. Nd3 Bb6 13. Be3 Be6 14. Qb4 c5 15. Qa3 Ng4 16. Nf4 Bc4 17. Rfe1 Nxe3 18. fxe3 Bf7 19. Qa6 c4 20. Nfd5 Bxd5 21. exd5 Rf4 22. Kh1 Rg4 23. e4 Qh5 24. Re2 Rf8 25. Qxc4 Rh4 26. g4 Qxg4 27. Qd3 Rf3 28. Qb5 h6 29. Rg2 Rf2 30. Rxf2 Bxf2 31. Qf1 Bg3 32. Qf8+ Kh7 33. Qf5+ Qxf5 34. exf5 Rxh2+ 35. Kg1 Rxc2 36. Rf1 Be5 37. Ne4 Bxb2 38. f6 Bd4+ 39. Kh1 Bxf6 40. Nxf6+ gxf6 41. Rxf6 Kg7 42. Re6 a5 43. a4 h5 44. Re7+ Kf6 45. Rh7 Kg6 46. Rd7 h4 47. Kg1 Kf6 48. Rh7 Rc4 49. Kg2 Rxa4 50. Rxc7 Ke5 51. Ra7 Kxd5 52. Kh3 Kc6 0-1

[Event "Kalavryta CUP"]
[Site "?"]
[Date "1997.??.??"]
[Round "8"]
[White "Nikolaidis Ioannis"]
[Black "Cela Altin"]
[Result "1-0"]
[WhiteElo "2565"]
[BlackElo "2450"]
[PlyCount "77"]
[EventDate "1997.??.??"]
[Source "www.chesslib.no"]
[SourceDate "2004.05.04"]

1. e4 e5 2. Nf3 Nc6 3. Bb5 f5 4. Bxc6 dxc6 5. Nc3 Nf6 6. Qe2 Bd6 7. d4 fxe4 8. Nxe4 Nxe4 9. Qxe4 O-O 10. dxe5 Be7 11. Be3 Be6 12. Nd4 Bd5 13. Qg4 Qc8 14. Qxc8 Raxc8 15. O-O c5 16. Ne2 Rcd8 17. f4 g6 18. Nc3 Bc6 19. Rad1 b5 20. Rxd8 Rxd8 21. g4 b4 22. Ne2 Bb5 23. Re1 Bd7 24. h3 h5 25. gxh5 gxh5 26. Kh2 h4 27. Rd1 Kf7 28. Nc1 c4 29. Bxa7 Bf5 30. Rxd8 Bxd8 31. Bc5 Bxc2 32. Bxb4 c6 33. Bc5 Ba5 34. b4 cxb3 35. Nxb3 Be1 36. Nd4 Be4 37. e6+ Kf6 38. e7 Kf7 39. Ne6 1-0

[Event "GMA"]
[Site "Moscow GMA"]
[Date "1989.??.??"]
[Round "?"]
[White "Khalifman, Alexander V"]
[Black "Inkiov, Ventzislav V"]
[Result "1-0"]
[WhiteElo "2545"]
[BlackElo "2470"]
[PlyCount "44"]
[EventDate "1989.??.??"]
[Source "www.chesslib.no"]
[SourceDate "2004.05.04"]

1. e4 e5 2. Nf3 Nc6 3. Bb5 f5 4. d3 fxe4 5. dxe4 Nf6 6. O-O Bc5 7. Nc3 d6 8. Be3 Bb6 9. Nd5 O-O 10. Bg5 Kh8 11. a4 Bg4 12. Be2 Bxf3 13. Bxf3 Ne7 14. Nxf6 gxf6 15. Bh6 Rg8 16. a5 Bc5 17. Bg4 Ng6 18. c4 a6 19. Be2 Qe7 20. Kh1 c6 21. Qb3 Nf8 22. Rad1 Ne6 1-0

[Event "Moskva (GMA)"]
[Site "?"]
[Date "1989.??.??"]
[Round "?"]
[White "Khalifman, A."]
[Black "Inkiov, V."]
[Result "1-0"]
[WhiteElo "2545"]
[BlackElo "2470"]
[PlyCount "81"]
[EventDate "1989.??.??"]
[Source "ChessBase"]
[SourceDate "1989.01.01"]

1. e4 e5 2. Nf3 Nc6 3. Bb5 f5 4. d3 fxe4 5. dxe4 Nf6 6. O-O Bc5 7. Nc3 d6 8. Be3 Bb6 9. Nd5 O-O 10. Bg5 Kh8 11. a4 Bg4 12. Be2 Bxf3 13. Bxf3 Ne7 14. Nxf6 gxf6 15. Bh6 Rg8 16. a5 Bc5 17. c3 a6 18. Bh5 Ng6 19. Kh1 Qe7 20. g3 c6 21. Qf3 Nf8 22. Rad1 Ne6 23. b4 Ba7 24. Rxd6 Rad8 25. Rfd1 Ng7 26. Rxd8 Rxd8 27. Rxd8+ Qxd8 28. Bf7 Qe7 29. Bc4 f5 30. exf5 Qf6 31. Bxg7+ Kxg7 32. Kg2 Kf8 33. Qd3 Qe7 34. Qd2 Kg7 35. Qe2 e4 36. Be6 Qf6 37. Qg4+ Kh6 38. Qxe4 Qxc3 39. Qh4+ Kg7 40. Qg5+ Kf8 41. f6 1-0

[Event "Cappelle op 18th"]
[Site "Cappelle la Grande"]
[Date "2002.02.13"]
[Round "5"]
[White "Luther, Thomas"]
[Black "Pirrot, Dieter"]
[Result "1-0"]
[WhiteElo "2573"]
[BlackElo "2436"]
[PlyCount "75"]
[EventDate "2002.02.09"]
[Source "ChessBase"]
[SourceDate "2002.03.14"]

1. e4 e5 2. Nf3 Nc6 3. Bb5 f5 4. d3 fxe4 5. dxe4 Nf6 6. O-O Bc5 7. Nc3 d6 8. Be3 Bb6 9. Bg5 O-O 10. Nd5 Kh8 11. a4 Bg4 12. Be2 Qd7 13. Bxf6 gxf6 14. Nh4 Be6 15. Bc4 Bc5 16. Kh1 Qg7 17. Ba2 f5 18. b4 Bxd5 19. Bxd5 Nxb4 20. Nxf5 Rxf5 21. exf5 Bd4 22. Bxb7 Rb8 23. Ra3 Rxb7 24. c3 c5 25. cxd4 cxd4 26. Rg3 Qf7 27. f6 Qxf6 28. Qg4 Rb8 29. Rc1 Nc6 30. h3 Ne7 31. Rc7 Rg8 32. Qe4 Rxg3 33. fxg3 Qg6 34. Qa8+ Ng8 35. Qxa7 d3 36. Qe3 e4 37. Qd4+ Qf6 38. Qxe4 1-0

[Event "Alicante"]
[Site "Alicante"]
[Date "1978.??.??"]
[Round "4"]
[White "Ermenkov, Evgenij"]
[Black "Rodriguez Vargas, Orestes"]
[Result "1/2-1/2"]
[WhiteElo "2520"]
[BlackElo "2485"]
[PlyCount "33"]
[EventDate "1978.03.??"]
[Source "ChessBase"]

1. e4 e5 2. Nf3 Nc6 3. Bb5 f5 4. d3 fxe4 5. dxe4 Nf6 6. O-O d6 7. Qd3 Bg4 8. Nbd2 Qd7 9. a4 Be7 10. a5 a6 11. Bc4 Nh5 12. Qb3 Nd8 13. h3 Be6 14. Bxe6 Nxe6 15. Re1 O-O 16. Nf1 Kh8 17. N1h2 1/2-1/2

[Event "Rovinj/Zagreb"]
[Site "Zagreb"]
[Date "1975.??.??"]
[Round "1"]
[White "Matulovic, Milan"]
[Black "Minic, Dragoljub"]
[Result "1/2-1/2"]
[WhiteElo "2530"]
[BlackElo "2475"]
[PlyCount "50"]
[EventDate "1975.??.??"]
[Source "ChessBase"]

1. e4 e5 2. Nf3 Nc6 3. Bb5 f5 4. d3 fxe4 5. dxe4 Nf6 6. O-O d6 7. Nc3 Be7 8. Bc4 Bg4 9. h3 Bxf3 10. Qxf3 Qd7 11. Be3 Na5 12. Qe2 Nxc4 13. Qxc4 a6 14. a4 Qc6 15. Qe6 Qd7 16. Qa2 O-O-O 17. b4 g5 18. a5 g4 19. hxg4 Qxg4 20. f3 Qg8 21. Nd5 Nxd5 22. exd5 Bg5 23. Rae1 Bxe3+ 24. Rxe3 Qg5 25. Re2 Rhf8 1/2-1/2

[Event "18th New York Masters"]
[Site "New York"]
[Date "2002.07.23"]
[Round "1"]
[White "Yudasin, Leonid"]
[Black "Monokroussos, Dennis"]
[Result "0-1"]
[WhiteElo "2666"]
[BlackElo "2332"]
[PlyCount "112"]
[EventDate "2002.07.23"]
[Source "Roberto Alvarez"]
[SourceDate "2003.05.19"]

1. e4 e5 2. Nf3 Nc6 3. Bb5 f5 4. d3 fxe4 5. dxe4 Nf6 6. O-O Bc5 7. Nc3 d6 8. Bg5 O-O 9. Nd5 Bg4 10. Be2 Qd7 11. Bxf6 gxf6 12. Nh4 Bxe2 13. Qxe2 Nd4 14. Qd1 f5 15. c3 fxe4 16. cxd4 Bxd4 17. Qe2 c6 18. Ne3 d5 19. Rad1 Kh8 20. b3 Rf6 21. Nc2 c5 22. g3 Qf7 23. Nxd4 exd4 24. f4 Re8 25. Rfe1 Rfe6 26. f5 Re5 27. Qf2 Qf6 28. h3 b6 29. g4 e3 30. Qg3 Rg8 31. Re2 Re4 32. Kh2 c4 33. bxc4 dxc4 34. Ng2 b5 35. Nf4 Qe5 36. Ng2 Qf6 37. Qc7 Rge8 38. Qc5 Qe5+ 39. Qxe5+ R8xe5 40. Ne1 b4 41. Kg3 a5 42. f6 Kg8 43. Nf3 Rd5 44. Nd2 exd2 45. Rxe4 c3 46. Rf1 Rd8 47. Re2 d3 48. Ref2 a4 49. g5 b3 50. axb3 axb3 51. h4 b2 52. h5 c2 53. Rxd2 c1=Q 54. Rdd1 Qe3+ 55. Kg4 Rd4+ 56. Kf5 Qe4# 0-1

[Event "Stara Zagora zt-B"]
[Site "Stara Zagora"]
[Date "1990.??.??"]
[Round "2"]
[White "Sznapik, Aleksander"]
[Black "Inkiov, Ventzislav"]
[Result "1/2-1/2"]
[WhiteElo "2485"]
[BlackElo "2510"]
[PlyCount "48"]
[EventDate "1990.02.??"]
[Source "ChessBase"]

1. e4 e5 2. Nf3 Nc6 3. Bb5 f5 4. d3 fxe4 5. dxe4 Nf6 6. O-O Bc5 7. Nc3 d6 8. Be3 Bb6 9. Nd5 O-O 10. Bg5 Kh8 11. Bxf6 gxf6 12. Nh4 Rg8 13. c3 Bg4 14. Qd2 Qf8 15. Bc4 Rg5 16. Nxb6 axb6 17. f4 Rh5 18. g3 Qh6 19. Kh1 exf4 20. Qxf4 Ne5 21. Bd5 Rf8 22. Qxh6 Rxh6 23. Nf5 Rh5 24. Nd4 c6 1/2-1/2

[Event "Andorra Open"]
[Site "Andorra"]
[Date "1993.??.??"]
[Round "8"]
[White "Rausis, Igors"]
[Black "Antunes, Antonio"]
[Result "1/2-1/2"]
[WhiteElo "2560"]
[BlackElo "2425"]
[PlyCount "152"]
[EventDate "1993.06.??"]
[Source "www.chesslib.no"]
[SourceDate "2004.05.04"]

1. e4 e5 2. Nf3 Nc6 3. Bb5 f5 4. Bxc6 dxc6 5. Nc3 fxe4 6. Nxe4 Nf6 7. Qe2 Bg4 8. h3 Bh5 9. d3 Qe7 10. Bg5 O-O-O 11. O-O-O Re8 12. g4 Bg6 13. Rhe1 Qf7 14. Kb1 Nd5 15. Nh4 Bd6 16. Nxg6 Qxg6 17. c4 Nf6 18. Bxf6 gxf6 19. Qf3 Rhf8 20. Rg1 Kb8 21. Qf5 Rf7 22. Rg3 a6 23. Rf3 Ref8 24. a3 Be7 25. Kc2 Rg7 26. d4 Qf7 27. Rc3 Qg6 28. Ng3 exd4 29. Rxd4 Bd6 30. Re4 c5 31. Rd3 Bxg3 32. Qxg6 hxg6 33. Rxg3 Kc8 34. Kd2 Rd7+ 35. Rd3 Rh8 36. Rxd7 Kxd7 37. Re3 c6 38. f4 b5 39. b3 a5 40. Ke2 a4 41. bxa4 bxa4 42. Kf2 g5 43. Kg3 Rb8 44. Kf3 Kd6 45. f5 Rb3 46. Ke2 Rb2+ 47. Kd1 Kd7 48. Re6 Rb3 49. Rxf6 Rxa3 50. Rg6 Rxh3 51. Kc2 Rh2+ 52. Kb1 Rg2 53. Rxg5 Ke7 54. Rg6 Kf7 55. Ka1 a3 56. Kb1 Rb2+ 57. Ka1 Rg2 58. g5 Rf2 59. Rf6+ Kg7 60. Kb1 Rb2+ 61. Ka1 Rf2 62. Rxc6 Rxf5 63. Ka2 Rxg5 64. Kxa3 Kf7 65. Ka4 Ke7 66. Kb5 Kd7 67. Kb6 Rh5 68. Rg6 Rf5 69. Rg7+ Kc8 70. Kc6 Rf6+ 71. Kxc5 Rh6 72. Rf7 Rg6 73. Kb5 Rh6 74. c5 Rg6 75. Rh7 Rf6 76. c6 Rf1 1/2-1/2

[Event "Bor"]
[Site "Bor"]
[Date "1983.??.??"]
[Round "12"]
[White "Campora, Daniel Hugo"]
[Black "Inkiov, Ventzislav"]
[Result "1-0"]
[WhiteElo "2485"]
[BlackElo "2500"]
[PlyCount "69"]
[EventDate "1983.10.??"]
[Source "ChessBase"]

1. e4 e5 2. Nf3 Nc6 3. Bb5 f5 4. d3 fxe4 5. dxe4 Nf6 6. O-O Bc5 7. Bxc6 bxc6 8. Nxe5 O-O 9. Nd3 Nxe4 10. Nxc5 Nxc5 11. Nc3 d5 12. Ne2 Ne6 13. Nd4 Nxd4 14. Qxd4 Qf6 15. Qxf6 Rxf6 16. Be3 a5 17. Rfe1 Bf5 18. Bd4 Rg6 19. f3 Bxc2 20. Re7 Rf8 21. Kf2 Rf4 22. Rc1 Rxd4 23. Rxc2 Rb4 24. Rce2 h6 25. Rxc7 d4 26. Rd7 c5 27. g4 Rb8 28. Kg3 Kh8 29. f4 Rgb6 30. Ree7 Rxb2 31. Rxg7 Rxa2 32. f5 Rb3+ 33. Kf4 Rxh2 34. Rgf7 Rf2+ 35. Ke5 1-0

[Event "CUB-ch"]
[Site "Santa Clara"]
[Date "2000.??.??"]
[Round "?"]
[White "Bruzon Bautista, Lazaro"]
[Black "Gomez, Felix"]
[Result "1-0"]
[WhiteElo "2568"]
[BlackElo "2414"]
[PlyCount "63"]
[EventDate "2000.??.??"]
[Source "www.chesslib.no"]
[SourceDate "2004.05.04"]

1. e4 e5 2. Nf3 Nc6 3. Bb5 f5 4. d3 fxe4 5. dxe4 Nf6 6. O-O Bc5 7. Bxc6 bxc6 8. Nxe5 O-O 9. Bg5 Qe8 10. Bxf6 Rxf6 11. Nd3 Bd4 12. c3 Bb6 13. Nd2 d6 14. Qe2 Ba6 15. c4 Qf7 16. b3 Re8 17. Kh1 d5 18. Rac1 Qe7 19. e5 Rh6 20. g3 Ba5 21. f4 Bxd2 22. Qxd2 dxc4 23. bxc4 c5 24. Qf2 Qf7 25. f5 Bxc4 26. e6 Bd5+ 27. Kg1 Qf6 28. Nxc5 Qg5 29. Rce1 Qe7 30. Re5 Ba8 31. Nd7 Qd6 32. f6 1-0

[Event "Ponferrada Open"]
[Site "Ponferrada"]
[Date "1992.??.??"]
[Round "?"]
[White "Milos, Gilberto"]
[Black "Rodriguez, Orestes"]
[Result "1-0"]
[WhiteElo "2515"]
[BlackElo "2465"]
[PlyCount "71"]
[EventDate "1992.08.??"]
[Source "www.chesslib.no"]
[SourceDate "2004.05.04"]

1. e4 e5 2. Nf3 Nc6 3. Bb5 f5 4. Bxc6 dxc6 5. Nc3 Nf6 6. Qe2 Bd6 7. d4 Bb4 8. O-O Bxc3 9. bxc3 fxe4 10. Nxe5 O-O 11. Ba3 Re8 12. f3 exf3 13. Qxf3 Be6 14. Qd3 Ng4 15. Rae1 Nxe5 16. Rxe5 Qd7 17. Rfe1 Bf7 18. Be7 Qg4 19. c4 a6 20. h3 Qg6 21. Qc3 b5 22. cxb5 axb5 23. a3 Bd5 24. Qd2 h6 25. R1e3 Kh8 26. Kh2 Qf7 27. Re2 Qg6 28. Qe3 Rac8 29. Rf2 Ra8 30. Qd2 Ra4 31. c3 Raa8 32. Rf4 Rac8 33. Rg4 Qf7 34. Qe3 Ra8 35. Bf6 Rxe5 36. Qxh6+ 1-0

[Event "Edinburgh op"]
[Site "Edinburgh"]
[Date "1999.??.??"]
[Round "3"]
[White "Shaw, John"]
[Black "Lalic, Bogdan"]
[Result "1/2-1/2"]
[WhiteElo "2415"]
[BlackElo "2560"]
[PlyCount "62"]
[EventDate "1999.??.??"]
[Source "www.chesslib.no"]
[SourceDate "2004.05.04"]

1. e4 e5 2. Nf3 Nc6 3. Bb5 f5 4. Bxc6 bxc6 5. Nxe5 Qe7 6. d4 d6 7. Nxc6 Qxe4+ 8. Qe2 Qxe2+ 9. Kxe2 Bb7 10. d5 Bxc6 11. dxc6 Ne7 12. Nc3 Nxc6 13. Nd5 Kd7 14. b3 Re8+ 15. Kd2 Ne5 16. Bb2 c6 17. Ne3 f4 18. Nc4 Nxc4+ 19. bxc4 Be7 20. f3 Bh4 21. g3 Bg5 22. h4 Bd8 23. gxf4 Ba5+ 24. Bc3 Bxc3+ 25. Kxc3 Re3+ 26. Kd2 Rhe8 27. Rag1 Re2+ 28. Kd1 R2e7 29. Rg5 Rf8 30. Re1 g6 31. Rxe7+ Kxe7 1/2-1/2